MARC

LEADER 00000nam0a2200000 4500
001 59582
005 20231031060332.0
010 |a 5922101293 
035 |a (RuTPU)RU\TPU\book\63017 
090 |a 59582 
100 |a 20040116d2002 m y0rusy50 ca 
101 0 |a rus 
102 |a RU 
105 |a y j 001zy 
200 1 |a Линейная алгебра  |e учебник  |f В. А. Ильин, Э. Г. Позняк 
205 |a 5-е изд., стер. 
210 |a Москва  |c Физматлит  |d 2002 
215 |a 318 с. 
225 1 |a Курс высшей математики и математической физики  |h Вып. 4 
320 |a Предметный указатель: с. 313-317 
451 1 |0 (RuTPU)RU\TPU\book\10946  |y 5020152358  |t Линейная алгебра  |o учебник  |f В. А. Ильин, Э. Г. Позняк  |e 4-е изд.  |c М.  |n Наука  |d 1999  |p 296 с.  |a Ильин, Владимир Александрович 
451 1 |0 (RuTPU)RU\TPU\book\93506  |y 5-9221-0481-0  |t Линейная алгебра  |o учебник для вузов  |f В. А. Ильин, Э. Г. Позняк  |e 6-е изд., стер.  |c М.  |n Физматлит  |d 2005  |p 280 с.  |s Курс высшей математики и математической физики  |a Ильин, Владимир Александрович 
610 1 |a линейная алгебра 
610 1 |a матрицы 
610 1 |a определители 
610 1 |a линейные пространства 
610 1 |a системы линейных уравнений 
610 1 |a евклидовы пространства 
610 1 |a линейные операторы 
610 1 |a линейные системы 
610 1 |a итерационные методы 
610 1 |a билинейные формы 
610 1 |a квадратичные формы 
610 1 |a тензоры 
610 1 |a учебники 
675 |a 512.64(075.8)  |v 3 
700 1 |a Ильин  |b В. А.  |g Владимир Александрович 
701 1 |a Позняк  |b Э. Г.  |g Эдуард Генрихович 
801 1 |a RU  |b 63413507  |c 20040116  |g PSBO 
801 2 |a RU  |b 63413507  |c 20070614  |g PSBO 
900 |a Аналитическая геометрия и линейная алгебра 
900 |a Прикладная математика 
900 |a Высшая математика 
942 |c BK 
952 |a 510100  |b 010200